[Event "33. Copenhagen Open (Politiken Cup)"]
[Site "Elsinore"]
[Date "2011.08.06"]
[Round "9"]
[White "Justinussen, Sigurd B"]
[Black "Pavlovskaya, Evgenija"]
[Result "1/2-1/2"]
[WhiteElo "1944"]
[BlackElo "2175"]
[PlyCount "53"]
[EventDate "2011.07.30"]
[EventType "swiss"]
[EventRounds "10"]
[EventCountry "DEN"]
[Source "ChessBase"]
[SourceDate "2011.08.29"]

1. e4 c6 2. d4 d5 3. exd5 cxd5 4. Nf3 Nf6 5. c3 Nc6 6. Bf4 Bg4 7. Nbd2 e6 8.
Qa4 Bd6 9. Ne5 O-O 10. Bd3 Bf5 11. Bxf5 exf5 12. O-O Ne4 13. Nxc6 bxc6 14. Bxd6
Qxd6 15. Nf3 Rfe8 16. Ne5 c5 17. f3 Ng5 18. Rae1 Ne6 19. dxc5 Qxc5+ 20. Kh1
Rad8 21. Nc6 Rc8 22. Nd4 g6 23. Qd7 Re7 24. Qa4 Nxd4 25. Rxe7 Qxe7 26. Qxd4 Qe2
27. Rb1 1/2-1/2

[Event "33. Copenhagen Open (Politiken Cup)"]
[Site "Elsinore"]
[Date "2011.08.06"]
[Round "9"]
[White "Khenkin, Igor"]
[Black "Rapport, Richard"]
[Result "0-1"]
[WhiteElo "2620"]
[BlackElo "2545"]
[PlyCount "80"]
[EventDate "2011.07.30"]
[EventType "swiss"]
[EventRounds "10"]
[EventCountry "DEN"]
[Source "ChessBase"]
[SourceDate "2011.08.29"]

1. d4 d5 2. c4 c6 3. cxd5 cxd5 4. Bf4 Nf6 5. Nc3 Nc6 6. e3 Bg4 7. Qb3 Na5 8.
Qa4+ Bd7 9. Qc2 Rc8 10. Nf3 e6 11. Bd3 Nc4 12. O-O Be7 13. h3 O-O 14. Ne5 Be8
15. Rfc1 b5 16. a3 a6 17. Qe2 Nd7 18. Nxd7 Bxd7 19. a4 Qb6 20. axb5 axb5 21. b3
Na5 22. Rab1 b4 23. Na4 Bxa4 24. bxa4 b3 25. Bb5 Ba3 26. Rxc8 Rxc8 27. Qd3 Bd6
28. Ba6 Rc2 29. g3 Bxf4 30. gxf4 g6 31. Qb5 Qd8 32. Kg2 Kg7 33. Qb4 Qc7 34. Bd3
Qc3 35. Qxc3 Rxc3 36. Be2 Nc4 37. e4 Nd2 38. Rd1 b2 39. exd5 exd5 40. a5 Rc1
0-1

[Event "33. Copenhagen Open (Politiken Cup)"]
[Site "Elsinore"]
[Date "2011.08.06"]
[Round "9"]
[White "Knudsen, Jes West"]
[Black "Nordstrom, Hakon N"]
[Result "1/2-1/2"]
[WhiteElo "1960"]
[BlackElo "1768"]
[PlyCount "96"]
[EventDate "2011.07.30"]
[EventType "swiss"]
[EventRounds "10"]
[EventCountry "DEN"]
[Source "ChessBase"]
[SourceDate "2011.08.29"]

1. e4 e6 2. d3 b6 3. g3 Bb7 4. Bg2 f5 5. Nh3 Nf6 6. O-O fxe4 7. dxe4 Bxe4 8.
Bxe4 Nxe4 9. Qf3 d5 10. Qh5+ Kd7 11. c4 Nf6 12. Qf3 Bc5 13. Nc3 c6 14. Bf4 Rf8
15. Qe2 Qe7 16. Rad1 h6 17. Ne4 Nxe4 18. Qxe4 Kc8 19. Qe2 Nd7 20. cxd5 exd5 21.
Qa6+ Kd8 22. Qb7 Rc8 23. Rde1 Qf7 24. Qxa7 g5 25. Bxg5+ hxg5 26. Nxg5 Qxf2+ 27.
Rxf2 Bxf2+ 28. Kg2 Bxe1 29. Ne6+ Ke7 30. Nxf8 Rxf8 31. Qa3+ Kd8 32. h4 Kc7 33.
h5 Rg8 34. h6 Rxg3+ 35. Qxg3+ Bxg3 36. Kxg3 Nf8 37. Kf4 Kd6 38. b4 b5 39. Kf5
Nh7 40. Kg6 Ke6 41. Kxh7 Kf7 42. a4 d4 43. axb5 d3 44. bxc6 d2 45. c7 d1=Q 46.
c8=Q Qd3+ 47. Kh8 Qd4+ 48. Kh7 Qe4+ 1/2-1/2

[Event "33. Copenhagen Open (Politiken Cup)"]
[Site "Elsinore"]
[Date "2011.08.06"]
[Round "9"]
[White "Krasenkova, Ilena"]
[Black "Stojanovski, Sandi"]
[Result "1-0"]
[WhiteElo "2092"]
[BlackElo "2254"]
[PlyCount "101"]
[EventDate "2011.07.30"]
[EventType "swiss"]
[EventRounds "10"]
[EventCountry "DEN"]
[Source "ChessBase"]
[SourceDate "2011.08.29"]

1. d4 Nf6 2. c4 e6 3. g3 Bb4+ 4. Bd2 Bxd2+ 5. Qxd2 O-O 6. Nc3 d6 7. Nf3 Qe7 8.
Bg2 e5 9. O-O Nc6 10. d5 Nb8 11. h3 a5 12. b3 Na6 13. a3 Nc5 14. Qc2 Ne8 15. b4
axb4 16. axb4 Rxa1 17. Rxa1 Na6 18. Na2 f5 19. Rc1 f4 20. c5 fxg3 21. fxg3 e4
22. Nd2 Qe5 23. Nxe4 Bf5 24. Qc3 Qe7 25. Qd4 Nb8 26. Nac3 Nd7 27. Rf1 Bxe4 28.
Rxf8+ Qxf8 29. Nxe4 Nef6 30. Nxf6+ Nxf6 31. e4 Nd7 32. c6 bxc6 33. dxc6 Nb6 34.
e5 dxe5 35. Qxe5 Qd8 36. Kh2 Kh8 37. b5 h6 38. h4 Kg8 39. Be4 Kf8 40. Bg6 Qe7
41. Qf5+ Kg8 42. h5 Kh8 43. Qf7 Qxf7 44. Bxf7 Nc8 45. Be6 Nd6 46. b6 cxb6 47.
c7 Kh7 48. c8=Q Nxc8 49. Bxc8 g6 50. Kh3 b5 51. Ba6 1-0

[Event "33. Copenhagen Open (Politiken Cup)"]
[Site "Elsinore"]
[Date "2011.08.06"]
[Round "9"]
[White "Krokay, Urszula"]
[Black "Aartun, Eivind"]
[Result "0-1"]
[WhiteElo "1940"]
[BlackElo "1747"]
[PlyCount "84"]
[EventDate "2011.07.30"]
[EventType "swiss"]
[EventRounds "10"]
[EventCountry "DEN"]
[Source "ChessBase"]
[SourceDate "2011.08.29"]

1. e4 c5 2. Nf3 d6 3. c3 Nf6 4. h3 Nc6 5. Bd3 g6 6. O-O Bg7 7. Bc2 O-O 8. d4
cxd4 9. cxd4 Qc7 10. Nc3 a6 11. Bg5 e6 12. Re1 b5 13. Qd2 Bb7 14. a3 Rac8 15.
Bh6 Ne7 16. Rad1 Rfd8 17. Bxg7 Kxg7 18. Qf4 h6 19. g4 Nh7 20. h4 Rf8 21. g5
hxg5 22. hxg5 f6 23. Qg3 Nxg5 24. Nxg5 fxg5 25. Qxg5 e5 26. d5 Rf6 27. Re3 Rh8
28. Kg2 Rh5 29. Qg3 a5 30. Bd3 b4 31. axb4 axb4 32. Ne2 Qa5 33. Ng1 Bc8 34. Nf3
Bh3+ 35. Kg1 Rf4 36. Nh2 Qd8 37. Be2 Rhh4 38. Rf3 Rxe4 39. Re3 Nf5 40. Qf3 Qg5+
41. Kh1 Nxe3 42. fxe3 Reg4 0-1

[Event "33. Copenhagen Open (Politiken Cup)"]
[Site "Elsinore"]
[Date "2011.08.06"]
[Round "9"]
[White "Kurnosov, Igor"]
[Black "Hammer, Jon Ludvig"]
[Result "1/2-1/2"]
[WhiteElo "2633"]
[BlackElo "2610"]
[PlyCount "116"]
[EventDate "2011.07.30"]
[EventType "swiss"]
[EventRounds "10"]
[EventCountry "DEN"]
[Source "ChessBase"]
[SourceDate "2011.08.29"]

1. e4 e5 2. Nf3 Nc6 3. Bb5 Nf6 4. d3 Bc5 5. c3 O-O 6. O-O d6 7. Bg5 h6 8. Bh4
g5 9. Bg3 Nh5 10. d4 exd4 11. cxd4 Bb6 12. Nc3 Bg4 13. Bxc6 bxc6 14. d5 f5 15.
exf5 c5 16. a4 Ba5 17. h3 Bxf5 18. Ne5 Bxc3 19. Nc6 Qf6 20. bxc3 Nf4 21. Bxf4
gxf4 22. Qf3 Rae8 23. Qxf4 Qxc3 24. Qxh6 Bd3 25. Rac1 Qg7 26. Qxg7+ Kxg7 27.
Rfd1 c4 28. Nb4 Be2 29. Rd4 Rb8 30. Nc6 Rb2 31. Na5 Ra2 32. Nxc4 Rxa4 33. Re4
Rxc4 34. Rcxc4 Bxc4 35. Rxc4 Ra8 36. f4 a5 37. Rxc7+ Kf6 38. Rc6 a4 39. Rxd6+
Kf5 40. Re6 a3 41. Re1 a2 42. Ra1 Kxf4 43. d6 Kg3 44. d7 Rb8 45. Rd1 Ra8 46.
Kf1 Rf8+ 47. Kg1 Ra8 48. Ra1 Rb8 49. Rf1 Rb1 50. d8=Q Rxf1+ 51. Kxf1 a1=Q+ 52.
Ke2 Qe5+ 53. Kd3 Qf5+ 54. Kc3 Kxg2 55. h4 Kh3 56. Qg5 Qg4 57. Qxg4+ Kxg4 58. h5
Kxh5 1/2-1/2

[Event "33. Copenhagen Open (Politiken Cup)"]
[Site "Elsinore"]
[Date "2011.08.06"]
[Round "9"]
[White "Kyrkjebo, Erlend"]
[Black "Thingstad, Even"]
[Result "0-1"]
[WhiteElo "1953"]
[BlackElo "2223"]
[PlyCount "68"]
[EventDate "2011.07.30"]
[EventType "swiss"]
[EventRounds "10"]
[EventCountry "DEN"]
[Source "ChessBase"]
[SourceDate "2011.08.29"]

1. e4 c6 2. d4 d5 3. f3 dxe4 4. fxe4 e5 5. Nf3 Bg4 6. Bc4 Nd7 7. c3 b5 8. Bb3
Ngf6 9. O-O Bd6 10. Bg5 O-O 11. Nbd2 h6 12. Be3 Bh5 13. h3 Re8 14. g4 Bg6 15.
Nh4 exd4 16. Bxh6 gxh6 17. Nxg6 c5 18. g5 hxg5 19. Bd5 Kg7 20. Bxa8 Qxa8 21. e5
Nxe5 22. Nxe5 Bxe5 23. Qf3 dxc3 24. bxc3 Qxf3 25. Rxf3 Rd8 26. Nb3 c4 27. Nd4
Rxd4 28. Rf5 Rd5 29. Raf1 Bf4 30. Rxd5 Nxd5 31. h4 f6 32. hxg5 fxg5 33. Rf3 b4
34. cxb4 c3 0-1

[Event "33. Copenhagen Open (Politiken Cup)"]
[Site "Elsinore"]
[Date "2011.08.06"]
[Round "9"]
[White "Kyrkjebo, Hanna Bakken"]
[Black "Asmund, Erik"]
[Result "1/2-1/2"]
[WhiteElo "1518"]
[BlackElo "1739"]
[PlyCount "71"]
[EventDate "2011.07.30"]
[EventType "swiss"]
[EventRounds "10"]
[EventCountry "DEN"]
[Source "ChessBase"]
[SourceDate "2011.08.29"]

1. e4 e5 2. Nf3 Nc6 3. Nc3 Nf6 4. a3 d6 5. d4 exd4 6. Nxd4 Bd7 7. Be2 h6 8. Be3
Be7 9. O-O a6 10. h3 Qc8 11. Bf3 Ne5 12. Re1 g5 13. Be2 Be6 14. Nxe6 Qxe6 15.
Nd5 O-O-O 16. Nxe7+ Qxe7 17. b4 Rhg8 18. Qd4 Nc6 19. Qc4 Ne5 20. Qd4 Nc6 21.
Qc4 Qe6 22. Qxe6+ fxe6 23. Bc4 d5 24. exd5 exd5 25. Bb3 Rge8 26. Rad1 d4 27.
Bc1 Rxe1+ 28. Rxe1 d3 29. cxd3 Rxd3 30. Re3 Rd6 31. Bb2 Nd5 32. Re8+ Kd7 33.
Rh8 Nf4 34. Rh7+ Kd8 35. Rh8+ Kd7 36. Rh7+ 1/2-1/2

[Event "33. Copenhagen Open (Politiken Cup)"]
[Site "Elsinore"]
[Date "2011.08.06"]
[Round "9"]
[White "Kyrkjebo, Marte Bakken"]
[Black "Frederiksen, Jens"]
[Result "1-0"]
[WhiteElo "1522"]
[BlackElo "1876"]
[PlyCount "117"]
[EventDate "2011.07.30"]
[EventType "swiss"]
[EventRounds "10"]
[EventCountry "DEN"]
[Source "ChessBase"]
[SourceDate "2011.08.29"]

1. e4 e5 2. Nf3 Nc6 3. Bc4 Nf6 4. Ng5 d5 5. exd5 Na5 6. Bb5+ c6 7. dxc6 bxc6 8.
Qf3 Be7 9. Bxc6+ Nxc6 10. Qxc6+ Bd7 11. Qc4 O-O 12. Nc3 Rc8 13. Qe2 Ng4 14. Nf3
e4 15. Qxe4 Re8 16. O-O Bc5 17. Qd5 Qe7 18. d4 Be6 19. Qe4 f5 20. Qe2 Qf7 21.
dxc5 Bc4 22. Qd1 Rcd8 23. Bd2 Bxf1 24. Qxf1 Qh5 25. Qc4+ Kh8 26. h3 Ne5 27.
Nxe5 Rxe5 28. Re1 f4 29. Rxe5 Qxe5 30. Bxf4 Qf5 31. Qe4 Qxc5 32. Be3 Qh5 33.
Qe7 Re8 34. Qxa7 h6 35. Qc5 Qf7 36. a4 Qb7 37. Qb5 Qf7 38. Qd5 Qg6 39. Qd3 Qc6
40. Qb5 Qg6 41. a5 Ra8 42. Bb6 Qxc2 43. Qc6 Rf8 44. Qc5 Re8 45. g3 Qxb2 46. Kg2
Qc1 47. a6 Re1 48. a7 Qa1 49. Qf8+ Kh7 50. a8=Q Rg1+ 51. Kf3 Qxc3+ 52. Be3 Qf6+
53. Qxf6 gxf6 54. Qe4+ Kg7 55. Qg4+ Kh7 56. Qh5 f5 57. Qxh6+ Kg8 58. Qf6 f4 59.
Bd4 1-0

[Event "33. Copenhagen Open (Politiken Cup)"]
[Site "Elsinore"]
[Date "2011.08.06"]
[Round "9"]
[White "Larsen, Arne Walther"]
[Black "Ostby, Martin Bergsjo"]
[Result "1-0"]
[WhiteElo "1851"]
[BlackElo "1288"]
[PlyCount "57"]
[EventDate "2011.07.30"]
[EventType "swiss"]
[EventRounds "10"]
[EventCountry "DEN"]
[Source "ChessBase"]
[SourceDate "2011.08.29"]

1. c4 e5 2. g3 f5 3. Bg2 Nf6 4. Nc3 d6 5. d3 Nc6 6. Rb1 a5 7. a3 Bd7 8. e3 Be7
9. Nge2 O-O 10. b4 axb4 11. axb4 Rb8 12. b5 Na5 13. O-O Re8 14. Bd2 b6 15. Nd5
Nb7 16. d4 Be6 17. Qc2 e4 18. Nef4 Bf7 19. f3 exf3 20. Bxf3 Kh8 21. Qxf5 Nxd5
22. Bxd5 Bxd5 23. Qxd5 Bf6 24. Nh5 Bg5 25. Rf7 Rg8 26. Rbf1 Bh6 27. Qf5 Bg5 28.
h4 Be7 29. Qe4 1-0

[Event "33. Copenhagen Open (Politiken Cup)"]
[Site "Elsinore"]
[Date "2011.08.06"]
[Round "9"]
[White "Larsen, Eigil"]
[Black "Olofsson Dolk, Mattis"]
[Result "0-1"]
[WhiteElo "1811"]
[BlackElo "1951"]
[PlyCount "50"]
[EventDate "2011.07.30"]
[EventType "swiss"]
[EventRounds "10"]
[EventCountry "DEN"]
[Source "ChessBase"]
[SourceDate "2011.08.29"]

1. e4 c5 2. Nc3 a6 3. g3 b5 4. Bg2 Bb7 5. Nge2 e6 6. O-O Nf6 7. d3 d5 8. exd5
exd5 9. Bg5 Be7 10. Nf4 O-O 11. Bxf6 Bxf6 12. Nfxd5 Nc6 13. Nxf6+ Qxf6 14. Ne4
Qe7 15. Qd2 f5 16. Nc3 Nd4 17. f4 b4 18. Na4 Ne2+ 19. Kf2 Bxg2 20. Kxg2 Qb7+
21. Kf2 Nd4 22. Qd1 Rae8 23. Nxc5 Qd5 24. Ne4 fxe4 25. c3 e3+ 0-1

[Event "33. Copenhagen Open (Politiken Cup)"]
[Site "Elsinore"]
[Date "2011.08.06"]
[Round "9"]
[White "Haagen Larsen, Hans"]
[Black "Nielsen, Jens Holm"]
[Result "1-0"]
[WhiteElo "1732"]
[BlackElo "1920"]
[PlyCount "83"]
[EventDate "2011.07.30"]
[EventType "swiss"]
[EventRounds "10"]
[EventCountry "DEN"]
[Source "ChessBase"]
[SourceDate "2011.08.29"]

1. d4 d5 2. Bf4 c6 3. Nf3 e6 4. e3 Bd6 5. Ne5 Bxe5 6. Bxe5 Nf6 7. h4 Nbd7 8.
Bg3 Qb6 9. Qc1 c5 10. c3 Ne4 11. Bh2 Ndf6 12. Be2 Bd7 13. g4 Bb5 14. Bxb5+ Qxb5
15. f3 cxd4 16. fxe4 dxe3 17. Na3 Qd3 18. exd5 Qxd5 19. Rg1 Qf3 20. Qc2 Nxg4
21. Qa4+ Kf8 22. Rf1 Nf2 23. Bd6+ Kg8 24. Qc4 h5 25. Nc2 Rd8 26. Nd4 Qe4 27.
Qc7 Kh7 28. Ke2 Qd3+ 29. Kf3 e2+ 30. Kxf2 exf1=Q+ 31. Rxf1 Qe4 32. Nf3 Qc2+ 33.
Ke3 f6 34. Nd4 Qg2 35. Rxf6 Qg1+ 36. Ke2 Qg2+ 37. Rf2 Qe4+ 38. Kd2 Rc8 39. Qf7
Qg6 40. Qxb7 Rhf8 41. Bxf8 Rxf8 42. Rxf8 1-0

[Event "33. Copenhagen Open (Politiken Cup)"]
[Site "Elsinore"]
[Date "2011.08.06"]
[Round "9"]
[White "Larsen, Henrik Falk"]
[Black "Holm, Henrik"]
[Result "1/2-1/2"]
[WhiteElo "1619"]
[BlackElo "1853"]
[PlyCount "68"]
[EventDate "2011.07.30"]
[EventType "swiss"]
[EventRounds "10"]
[EventCountry "DEN"]
[Source "ChessBase"]
[SourceDate "2011.08.29"]

1. d4 d5 2. e3 Nf6 3. c4 c6 4. Nc3 e6 5. a3 Nbd7 6. Nf3 Bd6 7. c5 Bc7 8. b4 e5
9. dxe5 Nxe5 10. Nxe5 Bxe5 11. Bb2 O-O 12. Bd3 Re8 13. O-O Bg4 14. Qc2 Qd7 15.
Ne2 Qc7 16. Bxe5 Rxe5 17. Ng3 g6 18. h3 Bd7 19. Rad1 Rae8 20. Qb1 Qc8 21. Kh2
Qc7 22. Kg1 Qc8 23. Kh2 Kg7 24. Qa1 Qc7 25. Kg1 Kg8 26. Qb1 Qd8 27. Be2 Qe7 28.
Rd4 Qf8 29. Rfd1 Qh6 30. Kh2 Qg7 31. R1d2 h5 32. Qd1 h4 33. Rxh4 Bc8 34. Rf4 a6
1/2-1/2

[Event "33. Copenhagen Open (Politiken Cup)"]
[Site "Elsinore"]
[Date "2011.08.06"]
[Round "9"]
[White "Larsen, Poul M"]
[Black "Dyrhaug, Sverre S"]
[Result "1-0"]
[WhiteElo "1653"]
[BlackElo "1019"]
[PlyCount "125"]
[EventDate "2011.07.30"]
[EventType "swiss"]
[EventRounds "10"]
[EventCountry "DEN"]
[Source "ChessBase"]
[SourceDate "2011.08.29"]

1. Nf3 Nf6 2. c4 e6 3. Nc3 d5 4. cxd5 exd5 5. d4 b6 6. Bg5 Bb7 7. e3 Nbd7 8.
Be2 Be7 9. O-O O-O 10. a3 c5 11. b3 h6 12. Bf4 Rc8 13. Nb5 a6 14. Nd6 Bxd6 15.
Bxd6 Re8 16. Ne5 Nxe5 17. Bxe5 c4 18. bxc4 dxc4 19. Bg4 Nxg4 20. Qxg4 f6 21.
Bf4 g5 22. h4 Qd5 23. hxg5 h5 24. Qh3 fxg5 25. Be5 Qe4 26. Rae1 h4 27. f3 Qg6
28. Qg4 Re6 29. Kf2 b5 30. Rh1 a5 31. g3 hxg3+ 32. Kxg3 Kf7 33. Rh5 Rg8 34.
Reh1 Bc8 35. Rh7+ Ke8 36. R7h6 Qf7 37. Rf6 Qe7 38. Rhh6 Rxf6 39. Qxc8+ Kf7 40.
Rh7+ Rg7 41. Bxf6 Kxf6 42. Rh6+ Kf7 43. Qf5+ Kg8 44. Qd5+ Rf7 45. Rg6+ Kh7 46.
Rxg5 c3 47. Re5 Rg7+ 48. Kf4 Qc7 49. Qe4+ Kh8 50. Qc2 b4 51. axb4 axb4 52. Ke4
b3 53. Qh2+ Kg8 54. Re8+ Kf7 55. Qxc7+ Kxe8 56. Qxc3 Re7+ 57. Kd3 Rf7 58. f4
Kd8 59. Qxb3 Rg7 60. Qb8+ Ke7 61. Qb7+ Kf6 62. Qxg7+ Kxg7 63. Kc4 1-0

[Event "33. Copenhagen Open (Politiken Cup)"]
[Site "Elsinore"]
[Date "2011.08.06"]
[Round "9"]
[White "Lercel, Michal"]
[Black "Aranovitch, Emiliano"]
[Result "1/2-1/2"]
[WhiteElo "2141"]
[BlackElo "2328"]
[PlyCount "81"]
[EventDate "2011.07.30"]
[EventType "swiss"]
[EventRounds "10"]
[EventCountry "DEN"]
[Source "ChessBase"]
[SourceDate "2011.08.29"]

1. e4 c5 2. Nf3 d6 3. d4 cxd4 4. Nxd4 Nf6 5. Nc3 Nc6 6. Bg5 e6 7. Qd2 Be7 8.
O-O-O Nxd4 9. Qxd4 O-O 10. f4 Qa5 11. Bc4 Rd8 12. Rhf1 Bd7 13. Qe3 Ng4 14. Qg3
Bxg5 15. Qxg4 Be7 16. Bb3 Qc5 17. Rd3 b5 18. Rg3 Bf6 19. f5 Qe5 20. fxe6 Bxe6
21. Qf3 Kh8 22. Qd3 Rab8 23. Rgf3 a5 24. Rf5 Qxh2 25. Bxe6 fxe6 26. Rxb5 Qxg2
27. Rd1 Rxb5 28. Nxb5 Qg5+ 29. Kb1 Qe5 30. c3 d5 31. Qf3 h5 32. exd5 Rxd5 33.
Nd4 h4 34. Qg4 Qd6 35. Kc2 e5 36. Qh5+ Kg8 37. Qe8+ Kh7 38. Ne6 Rxd1 39. Qh5+
Kg8 40. Qe8+ Kh7 41. Qh5+ 1/2-1/2

[Event "33. Copenhagen Open (Politiken Cup)"]
[Site "Elsinore"]
[Date "2011.08.06"]
[Round "9"]
[White "Lindberg, Bengt"]
[Black "Johansson, Linus"]
[Result "1-0"]
[WhiteElo "2391"]
[BlackElo "2159"]
[PlyCount "81"]
[EventDate "2011.07.30"]
[EventType "swiss"]
[EventRounds "10"]
[EventCountry "DEN"]
[Source "ChessBase"]
[SourceDate "2011.08.29"]

1. e4 c5 2. Nf3 Nc6 3. d4 cxd4 4. Nxd4 Nf6 5. Nc3 e5 6. Ndb5 d6 7. Bg5 a6 8.
Na3 b5 9. Bxf6 gxf6 10. Nd5 Bg7 11. Bd3 Ne7 12. Nxe7 Qxe7 13. c4 f5 14. O-O O-O
15. Qh5 Rb8 16. exf5 e4 17. Rae1 Bb7 18. Qg4 Rfe8 19. cxb5 d5 20. bxa6 Bc6 21.
Be2 Rxb2 22. Rc1 Bd7 23. Rc7 Qd6 24. Rxd7 Qxd7 25. Bb5 Rxb5 26. Nxb5 Kh8 27. a4
d4 28. a7 Qc6 29. Qf4 Be5 30. Qc1 Qb7 31. Qc5 d3 32. g3 f6 33. Rc1 Rd8 34. Rd1
Kg7 35. Qe3 Qd5 36. Rc1 Rd7 37. Qd2 h5 38. Rc8 Rxa7 39. Nxa7 Qb7 40. Qa2 Qf7
41. Qxf7+ 1-0

[Event "33. Copenhagen Open (Politiken Cup)"]
[Site "Elsinore"]
[Date "2011.08.06"]
[Round "9"]
[White "Lindholm, Lars"]
[Black "Jensen, Ib"]
[Result "0-1"]
[WhiteElo "1722"]
[BlackElo "1985"]
[PlyCount "62"]
[EventDate "2011.07.30"]
[EventType "swiss"]
[EventRounds "10"]
[EventCountry "DEN"]
[Source "ChessBase"]
[SourceDate "2011.08.29"]

1. Nc3 Nc6 2. Nf3 e5 3. e4 Nf6 4. d4 exd4 5. Nxd4 d6 6. Bg5 Be7 7. Be2 Nxe4 8.
Bxe7 Qxe7 9. Nxc6 bxc6 10. O-O Nxc3 11. bxc3 O-O 12. Rb1 Be6 13. Re1 Qd7 14. a3
Rab8 15. Qd4 Rb6 16. Qa4 Ra8 17. Qh4 c5 18. Bd3 g6 19. Qg5 Qd8 20. Qf4 Kg7 21.
Be4 Rab8 22. Rbd1 Qf6 23. Qg3 Bf5 24. Qd3 Bg4 25. Rd2 Rb1 26. Qe3 Rxe1+ 27.
Qxe1 Qxc3 28. h3 Be6 29. Qd1 Qxa3 30. Rd3 Qa2 31. Rf3 Rb1 0-1

[Event "33. Copenhagen Open (Politiken Cup)"]
[Site "Elsinore"]
[Date "2011.08.06"]
[Round "9"]
[White "Londalen, Sindre"]
[Black "Hviid, Hans Henrik"]
[Result "0-1"]
[WhiteElo "1000"]
[BlackElo "1319"]
[PlyCount "52"]
[EventDate "2011.07.30"]
[EventType "swiss"]
[EventRounds "10"]
[EventCountry "DEN"]
[Source "ChessBase"]
[SourceDate "2011.08.29"]

1. e4 e5 2. Nf3 d6 3. Bc4 h6 4. h3 c6 5. Nc3 Nf6 6. d4 Nxe4 7. Qd3 Nxc3 8. Qxc3
d5 9. Bb3 e4 10. Ne5 Be7 11. f3 Bh4+ 12. Kd1 O-O 13. fxe4 dxe4 14. Qe3 Bf6 15.
Qxe4 Bxe5 16. Qxe5 Re8 17. Qg3 Qxd4+ 18. Bd2 Rd8 19. Qe1 Na6 20. c3 Qd6 21. Rf1
Be6 22. Bxe6 fxe6 23. Kc2 Qd3+ 24. Kb3 Nc5+ 25. Kb4 Qxd2 26. Qxd2 Na6+ 0-1

[Event "33. Copenhagen Open (Politiken Cup)"]
[Site "Elsinore"]
[Date "2011.08.06"]
[Round "9"]
[White "Lyngsjo, Hakan"]
[Black "Rorvik, Jon Fredrik"]
[Result "1/2-1/2"]
[WhiteElo "1943"]
[BlackElo "2172"]
[PlyCount "123"]
[EventDate "2011.07.30"]
[EventType "swiss"]
[EventRounds "10"]
[EventCountry "DEN"]
[Source "ChessBase"]
[SourceDate "2011.08.29"]

1. e4 e5 2. Nf3 Nc6 3. Bb5 a6 4. Ba4 Nf6 5. O-O Nxe4 6. d4 b5 7. Bb3 d5 8. dxe5
Be6 9. a4 Nc5 10. axb5 Nxb3 11. cxb3 axb5 12. Rxa8 Qxa8 13. Nc3 Na7 14. Be3 c5
15. Qa1 Qb7 16. Qa5 b4 17. Bg5 Nc6 18. Qb5 Qxb5 19. Nxb5 h6 20. Bh4 g5 21. Bg3
Be7 22. Nd6+ Kd7 23. Rc1 f5 24. h4 f4 25. Bh2 Rg8 26. Rxc5 g4 27. Rxc6 Kxc6 28.
Nd4+ Kd7 29. Bxf4 Bxh4 30. Bxh6 Bg5 31. Bxg5 Rxg5 32. Nb7 Bg8 33. Nc5+ Ke8 34.
Nd3 Rg7 35. Nxb4 Rb7 36. Nbc2 Bh7 37. Ne3 Bg8 38. Nxg4 Rb4 39. Nf6+ Kf7 40. Nc6
Rxb3 41. Nxd5 Rxb2 42. Nf6 Kg7 43. Nxg8 Kxg8 44. f4 Kf7 45. Nd4 Kg6 46. Kh2 Rb4
47. f5+ Kg5 48. Nc6 Rh4+ 49. Kg3 Rg4+ 50. Kh3 Kxf5 51. e6 Re4 52. e7 Kg5 53.
Kg3 Kf6 54. Kf3 Re1 55. g4 Kf7 56. g5 Ke8 57. Kf4 Rc1 58. Ne5 Rf1+ 59. Kg4 Kxe7
60. Ng6+ Kf7 61. Nf4 Rg1+ 62. Kf5 1/2-1/2

[Event "33. Copenhagen Open (Politiken Cup)"]
[Site "Elsinore"]
[Date "2011.08.06"]
[Round "9"]
[White "Madison, Sigurd"]
[Black "Jensen, Morten Frank"]
[Result "1-0"]
[WhiteElo "1749"]
[BlackElo "2064"]
[PlyCount "75"]
[EventDate "2011.07.30"]
[EventType "swiss"]
[EventRounds "10"]
[EventCountry "DEN"]
[Source "ChessBase"]
[SourceDate "2011.08.29"]

1. e4 g6 2. d4 Bg7 3. c3 d5 4. e5 c5 5. f4 Nh6 6. Nf3 O-O 7. Be2 Nc6 8. Be3
cxd4 9. cxd4 Ng4 10. Bg1 Qa5+ 11. Nc3 f6 12. Qb3 Be6 13. h3 Nh6 14. Qxb7 Rfc8
15. Qa6 Qd8 16. Bf2 Rab8 17. Na4 Bf5 18. a3 Na5 19. Bd1 Rc4 20. b4 Nc6 21. Nb2
Rc3 22. O-O Nxb4 23. axb4 Rxb4 24. Na4 Rcc4 25. Nc5 Bc8 26. Qxa7 fxe5 27. fxe5
Nf5 28. Qa8 Bh6 29. Be2 Rc2 30. Ba6 Rbb2 31. Bxc8 Nxd4 32. Nxd4 Be3 33. Be6+
Kg7 34. Qxd8 Bxd4 35. Qxe7+ Kh6 36. Qf8+ Kh5 37. g4+ Kg5 38. h4# 1-0

[Event "33. Copenhagen Open (Politiken Cup)"]
[Site "Elsinore"]
[Date "2011.08.06"]
[Round "9"]
[White "Meier, Lars"]
[Black "Kopperberg, Steen"]
[Result "1-0"]
[WhiteElo "1980"]
[BlackElo "1782"]
[PlyCount "125"]
[EventDate "2011.07.30"]
[EventType "swiss"]
[EventRounds "10"]
[EventCountry "DEN"]
[Source "ChessBase"]
[SourceDate "2011.08.29"]

1. e4 e6 2. d4 d5 3. exd5 exd5 4. Bd3 Bd6 5. Ne2 c6 6. Nbc3 Ne7 7. Bg5 h6 8.
Bh4 Qc7 9. Bg3 Bf5 10. O-O Bxd3 11. Qxd3 Nd7 12. Rfe1 O-O-O 13. Bxd6 Qxd6 14.
Qg3 Nf5 15. Qd3 Qf6 16. b4 Nb6 17. b5 Rd6 18. bxc6 Rxc6 19. Nf4 Rd8 20. Re5
Nxd4 21. Qxd4 Rc4 22. Nfxd5 Rxd4 23. Nxf6 gxf6 24. Re2 Rd2 25. Rae1 Rxe2 26.
Rxe2 Na4 27. Re3 Nxc3 28. Rxc3+ Kd7 29. Kf1 Ke6 30. Ke2 Rd5 31. Rb3 b6 32. Ra3
a5 33. c4 Rc5 34. Re3+ Kf5 35. Kd3 b5 36. Rf3+ Kg5 37. cxb5 Rxb5 38. h4+ Kg6
39. Rf4 f5 40. Ra4 Rb2 41. Ke3 Rb5 42. a3 Kf6 43. Kf4 Ke6 44. f3 f6 45. Rc4 h5
46. Rc6+ Ke7 47. Rc7+ Ke6 48. Rh7 Rb3 49. Rxh5 Rxa3 50. Rh7 Ra4+ 51. Kg3 f4+
52. Kg4 f5+ 53. Kg5 Rb4 54. Ra7 Rb2 55. Kxf4 Rxg2 56. Rxa5 Rh2 57. Ra6+ Kf7 58.
Kg5 Kg7 59. Ra7+ Kg8 60. h5 f4 61. Ra4 Kh7 62. Rxf4 Rg2+ 63. Rg4 1-0

[Event "33. Copenhagen Open (Politiken Cup)"]
[Site "Elsinore"]
[Date "2011.08.06"]
[Round "9"]
[White "Meldal, Peter"]
[Black "Andreassen, Espen"]
[Result "1-0"]
[WhiteElo "1526"]
[BlackElo "1000"]
[PlyCount "123"]
[EventDate "2011.07.30"]
[EventType "swiss"]
[EventRounds "10"]
[EventCountry "DEN"]
[Source "ChessBase"]
[SourceDate "2011.08.29"]

1. e4 e5 2. f4 exf4 3. Nf3 Bc5 4. d4 Be7 5. Bxf4 d6 6. Bb5+ c6 7. Ba4 b5 8. Bb3
Ba6 9. O-O h6 10. Re1 Nf6 11. e5 dxe5 12. Nxe5 O-O 13. c3 Bb7 14. Nd2 a5 15.
Qe2 a4 16. Bc2 Nd5 17. Qe4 f5 18. Qf3 Nxf4 19. Qxf4 Bg5 20. Qf2 Qd5 21. Ndf3
Nd7 22. Nxg5 hxg5 23. Qg3 g4 24. b3 Bc8 25. bxa4 bxa4 26. Bd3 Nf6 27. Bc4 Ne4
28. Bxd5+ cxd5 29. Qd3 Ba6 30. Qc2 Bc8 31. Rab1 Be6 32. Rb6 Rfe8 33. a3 Nf6 34.
Rb7 Bd7 35. Qd2 Re7 36. Kf1 Kh7 37. Nxd7 Rxd7 38. Rxd7 Nxd7 39. Qf4 Rf8 40. Qd6
Rf7 41. Qxd5 Kg6 42. Re6+ Nf6 43. Qe5 Rb7 44. d5 Rb1+ 45. Kf2 Kg5 46. Qe3+ Kg6
47. Qc5 Rb2+ 48. Kg3 Kg5 49. Qe3+ Kg6 50. Kh4 Rxg2 51. Qg5+ Kf7 52. h3 Rh2 53.
Re3 Nxd5 54. Qxf5+ Nf6 55. Qe6+ Kg6 56. Rg3 Kh7 57. Qf5+ Kg8 58. c4 Kf7 59. c5
g6 60. Qg5 Ne4 61. Qf4+ Nf6 62. Rxg4 1-0